00763nam a2200205Ia 4500001002400000003000900024008004100033040002300074041001300097100001900110240005400129245009100183250001200274260002700286300002500313490003000338501012400368700003100492700003400523291.09-ELI mi st (3719)IT-MiSPE171229s9999||||xx |||||||||||||| ||und|| aIT-MiSPEcIT-MiSPE aITALIANO aMircea Eliade  aHistoire des croyances et des idées religieuses 0aStoria delle credenze e delle idee religiosebIII. Da Maometto all'età delle Riforme a1 rist. aFirenzebSansonic1986 a387 p. [3 v.]c21 cm a Biblioteca storicav 3° aEdizioni San Paolo srl - Piazza Soncino, 5 - 20092 CINISELLO BALSAMO (MI) (non commercial uses only) ® Copyright 2018 aG. Schiavonig(traduzione) aM.A. Massimellog(traduzione)